| 000 | 00346nam a2200145Ia 4500 | ||
|---|---|---|---|
| 008 | 191201s2004 xx 000 0 und d | ||
| 082 |
_a621.4022 _bHOH |
||
| 100 | _aHOLMAN, J P | ||
| 245 | 0 | _aHeat Transfer | |
| 250 | _a9th | ||
| 260 |
_aN.Delhi _bTata mc Graw Hill Pubg. co. Ltd _c2004 |
||
| 300 | _a675 | ||
| 650 | _aB.Tech(ME) | ||
| 942 |
_2ddc _cBK |
||
| 999 |
_c938 _d938 |
||